The Almanack Of Naval Ravikant (Record no. 11263)

MARC details
000 -LEADER
fixed length control field 00350nam a22001457a 4500
003 - CONTROL NUMBER IDENTIFIER
control field OSt
008 - FIXED-LENGTH DATA ELEMENTS--GENERAL INFORMATION
fixed length control field 220521b ||||| |||| 00| 0 eng d
020 ## - INTERNATIONAL STANDARD BOOK NUMBER
International Standard Book Number 978-1-5445-1421-5
082 ## - DEWEY DECIMAL CLASSIFICATION NUMBER
Classification number 355.05 JOA
100 ## - MAIN ENTRY--PERSONAL NAME
Personal name JORGENSON,Eric
245 ## - TITLE STATEMENT
Title The Almanack Of Naval Ravikant
260 ## - PUBLICATION, DISTRIBUTION, ETC. (IMPRINT)
Place of publication, distribution, etc New Delhi
Name of publisher, distributor, etc Magrathea
Date of publication, distribution, etc 2020
300 ## - PHYSICAL DESCRIPTION
Extent 241
942 ## - ADDED ENTRY ELEMENTS (KOHA)
Source of classification or shelving scheme Dewey Decimal Classification
Koha item type Text Books
Holdings
Withdrawn status Lost status Source of classification or shelving scheme Damaged status Not for loan Collection code Home library Current library Source of acquisition Currency Cost, normal purchase price Bill Number Total Checkouts Full call number Acc. no. / Barcode Date last seen Date last borrowed Actual Cost, discounted price Bill Date Koha item type Public note
    Dewey Decimal Classification     GENERAL PIET C-LIBRARY PIET C-LIBRARY Kumar Stationery & Book Seller Indian Rup 300.00 35240 4 355.05 JOA 33623 23/09/2024 10/09/2024 195.00 16/05/2022 Text Books Novels

Design & Developed by: PIET Central Library
R70 Miles Stone Pattikalyana Samalkha Panipat 132102
mail ID :- [email protected], Phone No:- 0180-2569700 Ex.216